| 000 | 02283nam a2200541 c 4500 | ||
|---|---|---|---|
| 999 |
_c190190 _d190190 |
||
| 003 | BLK | ||
| 005 | 20240618091429.0 | ||
| 008 | 180411b bul|||||r ||||||| ||bul|| | ||
| 010 | _aKNG00199299000 | ||
| 020 | _a978-619-7058-45-1 | ||
| 040 | _aBLK | ||
| 041 |
_aBUL _cBUL |
||
| 072 | 7 |
_2bullib _aН93 _xКраезнание - отраслова литература Н |
|
| 072 | 7 |
_2bullib _aК _xКраезнание |
|
| 072 | 7 |
_2bullib _aРА _xРусенски автори |
|
| 080 |
_aКраезнание _b908 _x(497.215)(063) _z908(497.215)(063) |
||
| 080 |
_aРегионална икономика. Териториална икономика. Вж и 314.7 ; 330.15 ; 330.322 ; 331.5 ; 338.49 _b332.1 _x(497.215+282.243.7)(063) _z332.1(497.215+282.243.7)(063) |
||
| 139 |
_aКръгла маса Река Дунав и град Русе. Русе _bК 92 |
||
| 245 | 1 | 0 |
_aРека Дунав и град Русе _bСб. със съобщения от кръгла маса, провела се на 5 окт. 2015 г. _cсъстав. и уводна студия Николай Иванов Чакъров. |
| 257 | _aBGR | ||
| 260 |
_bЛени Ан _c2016 |
||
| 300 |
_a94 с. _c20 см |
||
| 380 | _a9 | ||
| 500 | _aБиблиогр. след отд. докл. | ||
| 650 | 4 |
_aРусе - история _9242626 |
|
| 650 | 4 |
_aДунав - социално, екологично и икономическо значение _9313145 |
|
| 651 | 4 |
_aРусе _9179462 |
|
| 651 | 4 |
_aДунав _9178849 |
|
| 651 | 4 |
_aБългария _9241624 |
|
| 653 | _aРусе | ||
| 653 | _aДунав | ||
| 653 | _aградове | ||
| 653 | _aреки | ||
| 653 | _aбългарска история | ||
| 653 | _aкръгла маса | ||
| 659 | _aК | ||
| 659 | _aН | ||
| 700 | 1 |
_aЧакъров, Николай Иванов _eсъстав. и уводна студия _9381135 |
|
| 710 | 1 |
_aКръгла маса Река Дунав и град Русе. Русе _9345090 |
|
| 852 | _aЦб 284069 | ||
| 852 | _aК 908/К 92 | ||
| 856 | 4 | _qpdf | |
| 856 | 4 | _qpdf | |
| 942 |
_cKNG _n0 _011 _s1 |
||
| 944 |
_aCR _c19.01.2017 _lВаля Йорданова _k30558 |
||
| 944 |
_aED _c16.05.2017 _lф / _kПенка_Димитрова |
||
| 999 | _d190190 | ||